Sports Quiz

Random Sports or Baseball Quiz

Career HRs as a National Leaguer Quiz Stats

 Plays Quiz not verified by Sporcle

Score 0/33 Timer 07:00
0 Plays Today
NL Home Runs Player (MLB HRs) % Correct
762Barry Bonds (762)
99.7%
733Hank Aaron (755)
98.8%
660Willie Mays (660)
98%
468Chipper Jones (468)
96.4%
371 Andruw Jones (434)
96.2%
548Mike Schmidt (548)
96%
545Sammy Sosa (609)
95.9%
* 445 ** Albert Pujols (633)
95.8%
449Jeff Bagwell (449)
93.7%
512Ernie Banks (512)
93.5%
475Stan Musial (475)
90.9%
521Willie McCovey (521)
90%
475Willie Stargell (475)
86.9%
383Larry Walker (383)
84.3%
511Mel Ott (511)
83.3%
389Johnny Bench (389)
82%
369Todd Helton (369)
81.4%
NL Home Runs Player (MLB HRs) % Correct
419Mike Piazza (427)
81.3%
409Andre Dawson (438)
80.9%
382Ryan Howard (382)
75.8%
503Eddie Mathews (512)
74.6%
368Gary Sheffield (509)
74.2%
407Duke Snider (407)
73.6%
388Andres Galarraga (399)
72.3%
398Dale Murphy (398)
69.3%
392Billy Williams (426)
65.8%
370Gil Hodges (370)
54.5%
386Aramis Ramirez (386)
54.4%
359Lance Berkman (366)
44.5%
354Adam Dunn (462)
42.2%
351Ralph Kiner (369)
34.4%
366Jeff Kent (377)
32%
358Orlando Cepeda (379)
28.9%

You're not logged in!

Compare scores with friends on all Sporcle quizzes.
OR
Log In

Show Comments

Extras

Top Quizzes Today


Score Distribution

Your Account Isn't Verified!

In order to create a playlist on Sporcle, you need to verify the email address you used during registration. Go to your Sporcle Settings to finish the process.

Report this User

Report this user for behavior that violates our Community Guidelines.

Details: